000 01968nam a2200397 c 4500
003 BLK
005 20240330112443.0
008 180408b bul|||||r ||||||| ||bul||
010 _aKNG00094372000
020 _a978-954-431-388-3
_bиздат.: Златното пате
040 _aBLK
041 _aBUL
_cBUL
080 _aВъздухоплаване. Авиация
_b629.73
_x(02.053.2)
_z629.73(02.053.2)
700 1 _aКацафа, А. М.
_eтекст
_977818
700 1 _aКачин, Александър
_eпрев. от рус.
_9365705
700 1 _aКанивец, Татяна Владимировна
_eил.
_976010
700 1 _aКацаф, Антон Максимович
_e*
_977817
139 _aКацаф, Антон Максимович
_bК 48
245 1 0 _aСамолети
_bВ помощ на ученика
_cтекст А. М. Кацафа; прев. от рус. Александър Качин; ил. Татяна Владимировна Канивец; * Антон Максимович Кацаф.
257 _aRUS
260 София
_bЗлатното пате
_c2009
_fСофия : Образование и наука
300 _a96 с.
_bс цв. ил.
_c25 см
380 _aDN
490 1 _aПоредица Опознай света
_vКн. 7
500 _aБез сведение за ориг. загл. ; Ориг. загл. Самолеты. - Истинското име на авт. е Антон Максимович Кацаф ; Авт. отбелязан в библиогр. каре.
650 4 _aСамолети
_9170161
653 _aсамолети
653 _aдетска литература
653 _aлитература за деца
852 _aЦб 247215
856 4 _qpdf
_u
856 4 _qpdf
_u
942 _cKNG
_n0
_011
944 _aCR
_c16.02.2010
_lМоника Янева
_k30570
944 _aED
_c23.02.2016
_lф /
_kЛюдмила_Стоянова
999 _c89671
_d89671